Quartet No.2 in F : for Flute, Violin, Viola & Cello (Record no. 28946)

000 -LEADER
fixed length control field 00644nam a22002057a 4500
003 - CONTROL NUMBER IDENTIFIER
control field OSt
005 - DATE AND TIME OF LATEST TRANSACTION
control field 20260427140210.0
008 - FIXED-LENGTH DATA ELEMENTS--GENERAL INFORMATION
fixed length control field 260427b ||||| |||| 00| 0 eng d
040 ## - CATALOGING SOURCE
Original cataloging agency BSHUA
Language of cataloging Shqip
050 ## - LIBRARY OF CONGRESS CALL NUMBER
Item number 785.74/Cim.
082 ## - DEWEY DECIMAL CLASSIFICATION NUMBER
Item number 785.74/Cim.
100 ## - MAIN ENTRY--PERSONAL NAME
Personal name Cimarosa, Domenico
245 ## - TITLE STATEMENT
Title Quartet No.2 in F : for Flute, Violin, Viola & Cello
260 ## - PUBLICATION, DISTRIBUTION, ETC. (IMPRINT)
Place of publication, distribution, etc France:
Name of publisher, distributor, etc Musica Rara,
Date of publication, distribution, etc 1975.
300 ## - PHYSICAL DESCRIPTION
Extent 4 parte
653 ## - INDEX TERM--UNCONTROLLED
Uncontrolled term Muzika boterore - Muzika italiane - Muzike dhome - Kuarteti - Kuartet nr.2 ne F -
-- Kuartet per flaut - violine - viole - violincel -
-- 4 parte
856 ## - ELECTRONIC LOCATION AND ACCESS
Link text Fulltext
942 ## - ADDED ENTRY ELEMENTS (KOHA)
Source of classification or shelving scheme
Koha item type Music Parts
953 ## - Fulltext
Is Fulltext Available Unavailable
Holdings
Withdrawn status Lost status Source of classification or shelving scheme Damaged status Not for loan Permanent Location Current Location Date acquired Cost, normal purchase price Full call number Barcode Date last seen Price effective from Koha item type
          Biblioteka e Universitetit te Arteve - Fondi i Mbyllur Biblioteka e Universitetit te Arteve - Fondi i Mbyllur 2026-04-27 500.00 785.74/Cim. 68512 2026-04-27 2026-04-27 Music Parts
^
Universiteti i Arteve, Tiranë
Projekt i realizuar më Tetor, 2011.
Powered by: Koha
Developed by: Erjon Sulaj